Statistics for Five-Letter Acronyms

Click here to take the quiz!

General Stats

  • This quiz has been taken 9,033 times
  • The average score is 10 of 20

Answer Stats

HintAnswer% Correct
Contagious disease which burst onto
the scene in late 2019
COVID
89%
Underwater breathing deviceSCUBA
89%
Soviet prison campGULAG
75%
Uses sound waves to detect objectsSONAR
75%
Uses radio waves to detect objectsRADAR
71%
Person who works in the Oval OfficePOTUS
68%
Trade agreement between the U.S.,
Mexico, and Canada
NAFTA
58%
Gives awards to British movies and TVBAFTA
52%
Futuristic Disney theme park in OrlandoEPCOT
52%
Gecko-centric car insurance companyGEICO
51%
Dr. Evil's favorite weapon?LASER
51%
Person who doesn't want anyone to build
anything near their house
NIMBY
42%
Non-lethal self defense weaponTASER
42%
Colorado-based agency that monitors
ballistic missiles (and also Santa)
NORAD
36%
Troops from down under who fought in WWIANZAC
35%
An extremely bad military situationFUBAR
33%
A typical military mistakeSNAFU
27%
Set of 256 characters which was
expanded upon by Unicode
ASCII
25%
Initials of the Nazi partyNSDAP
20%
I am not qualified to give legal adviceIANAL
14%

Score Distribution

Percentile by Number Answered

Percent of People with Each Score

Your Score History

You have not taken this quiz